La Asistencia psiquiátrica en el momento actual / Joaquín Jiménez de Anta, Manuel Leal Gregori, Carlos Lladó
Descripción Física:
p. 5-65 : il. ; 31 cm
MARC
| LEADER | 00000nam a2200000Ia 4500 | ||
|---|---|---|---|
| 001 | 2171 | ||
| 008 | 160829s1958 xx 000 0 cat d | ||
| 080 | |a C-2-137 | ||
| 100 | |a Jiménez de Anta, Joaquín |9 24767 | ||
| 245 | |a La Asistencia psiquiátrica en el momento actual / Joaquín Jiménez de Anta, Manuel Leal Gregori, Carlos Lladó | ||
| 260 | |a Barcelona : |b [Diputació de Barcelona], |c 1958 | ||
| 300 | |a p. 5-65 : |b il. ; |c 31 cm | ||
| 590 | |a Separata de la revista San Jorge, núm. 69. - Existeix un duplicat al volum Separates amb R. 17658. | ||
| 590 | |a Núm. de full registral: 4766 | ||
| 650 | |a Psiquiatria |9 33772 | ||
| 650 | |a Assistència psiquiàtrica |9 25302 | ||
| 700 | |a Leal Gregori, Manuel |9 39854 | ||
| 700 | |a Lladó, Carlos |9 39855 | ||
| 710 | 1 | |a Barcelona (Catalunya : Província). |b Diputació |9 52408 | |
| 901 | |a Arxiu | ||
| 942 | |n 1 | ||
| 952 | |0 0 |1 0 |4 0 |6 C2137 |7 1 |9 49275 |a Arxiu |b Arxiu |d 2016-12-01 |l 0 |o C-2-137 |p 2171 |r 2016-12-01 00:00:00 |w 2016-12-01 |y ARXIU | ||
| 999 | |c 53117 |d 53117 | ||